000 00393nam a22001457a 4500
008 250522b |||||||| |||| 00| 0 eng d
020 _a0195038223
050 _aKF4757.H54
_b.H54
100 _aHigginbotham, Leon.A
245 _aShades of freedom
260 _aOxford
_bOxford university press
_c1996
300 _axv,304 p.
_bill.
650 _aAfro-Americans- legal status, laws
942 _cBK
999 _c3621
_d3621